| 000 | 00389nam a2200121Ia 4500 | ||
|---|---|---|---|
| 005 | 20251222154305.0 | ||
| 008 | 251222s9999||||xx |||||||||||||| ||spa|| | ||
| 020 | _a978-987-591-339-4 | ||
| 082 | _a616.8/A77 | ||
| 100 | _a"Arrebillaga, María Elisa" | ||
| 245 | 0 | _a"Neuropsicología clúnica infantil: Intervenciones terapéuticas en TGD, autismo, asperger, síndrome de Rett" | |
| 942 | _cLIB | ||
| 999 |
_c33195 _d33195 |
||